Control of macromolecular synthesis: a study of DNA, RNA, and protein synthesis in bacteria
Guardat en:
| Autors principals: | , |
|---|---|
| Format: | Llibre |
| Idioma: | anglès |
| Publicat: |
Nueva York
W. A. Benjamin
1966
|
| Col·lecció: | Microbial and Molecular Biology Series
|
| Matèries: | |
| Etiquetes: |
Afegir etiqueta
Sense etiquetes, Sigues el primer a etiquetar aquest registre!
|
MARC
| LEADER | 00000nam a2200000 a 4500 | ||
|---|---|---|---|
| 001 | UCU3931 | ||
| 003 | CL-VaPUC | ||
| 008 | 960517e19660000US |||||||||||||||||eng|d | ||
| 082 | 0 | 4 | |a 572 |b MAA |2 21 |
| 100 | |a Maaloe, Ole |e autor |9 361154 | ||
| 700 | 0 | |a Kjeldgaard, Niels Ole |e author |9 361155 | |
| 245 | 1 | 0 | |a Control of macromolecular synthesis: a study of DNA, RNA, and protein synthesis in bacteria |
| 300 | |a 284 p | ||
| 942 | |c BK | ||
| 945 | |d 19960517 00:00:00 |a cmena | ||
| 260 | |a Nueva York |b W. A. Benjamin |c 1966 | ||
| 650 | 0 | |a Bioquímica |9 259492 | |
| 650 | 0 | |a Biología molecular |9 269677 | |
| 650 | 7 | |a QUIMICA MOLECULAR |2 CL-VaPUC |9 360477 | |
| 650 | 0 | |a Biotecnología |9 259561 | |
| 650 | 0 | |a Citología |9 261432 | |
| 583 | |a last modification |c 19960517 00:00:00 |k Rodrigo Vera | ||
| 490 | 0 | |a Microbial and Molecular Biology Series | |
| 999 | |c 247781 |d 247779 | ||
| 952 | |0 0 |1 0 |4 0 |6 572_000000000000000_MAA_1966 |7 0 |8 A |9 263935 |a BIBING |b BIBING |d 2019-11-19 |i 165067K |o 572 MAA 1966 |p 165067K |r 2025-01-20 |w 2019-11-19 |y BK |k EIQ | ||